| Registos Bibliográficos associados ao registo de autoridade |
|
Etiqueta de registo: 00230nam 2200025 450 001 1687023 003 http://id.bnportugal.gov.pt/bib/catbnp/1687023 010 ## $a972-99563-2-4 021 ## $aPT$b234123/05 100 ## $a20000710d2005 am y0pory0103 ba 101 1# $apor$ceng 102 ## $aPT 105 ## $aa t 000zd 106 ## $ar 200 1# $aPríncipe Valente$e1937-38$eo início$fHarold R. Foster$gtrad., restauros e notas finais Manuel Caldas$ged. José Manuel Vilela, Manuel Caldas 210 #9 $aLisboa$cLivros de Papel,$d2005 215 ## $aX, 98, [4] p. a 3 colns$cil.$d35 cm$epanfleto ([1] f.) 304 ## $aTít. orig.: Prince Valiant, in the days of King Arthur 317 ## $aColeção Leandro de Moraes Sarmento$5PTBN: L.M.S. 778 675 ## $a087.5$vBN$zpor$3287999 675 ## $a741(=1:71)"19"$vBN$zpor$31533579 675 ## $a821.111(71)-9"19"$vBN$zpor$3993627 700 #1 $aFoster,$bHarold,$f1892-1982$340716 702 #1 $aVilela,$bJosé Manuel$4340$31288336 702 #1 $aCaldas,$bManuel$4730$3918582 801 #0 $aPT$bBN$gRPC 900 ## $aBIBNAC$d20130602 966 ## $lBN$mFGMON$pBiblioteca particular Leandro de Moraes Sarmento$sL.M.S. 778 $x3 966 ## $lBN$mFGMON$sP. 3764 A.$x1 966 ## $lBN$mFGMON$sP. 3764 A.-D $x1
Etiqueta de registo: 00230nam 2200025 450 001 1648637 003 http://id.bnportugal.gov.pt/bib/catbnp/1648637 010 ## $a972-99563-5-9 021 ## $aPT$b240475/06 100 ## $a20070529d2006 cd y0pory0103 ba 101 0# $apor 102 ## $aPT 105 ## $aa e 000yy 106 ## $ar 200 1# $aDicionário zinho$ecompanheiro do J.I.P.I.$e uma cabazada de informações$fA. J. Ferreira$ged. José Manuel Vilela 205 ## $a1ª ed 210 #9 $aLisboa$cJ.M. Vilela,$d2006 215 ## $a198, [2] p.$cil.$d30 cm 317 ## $aColeção Leandro de Moraes Sarmento$5PTBN: L.M.S. 455 675 ## $a741.07A/Z(469)(038)$vBN$zpor$31335385 675 ## $a050-053.2(469)$vBN$zpor$31335386 700 #1 $aFerreira,$bA. J.,$f1924-2022$331977 702 #1 $aVilela,$bJosé Manuel$4340$31288336 801 #0 $aPT$bBN$gRPC 900 ## $aBIBNAC$d20130602 966 ## $lBN$mFGMON$pPublidisa$sB.A. 27844 V.-D $x1 966 ## $lBN$mFGMON$nSala de Leitura Iconografia_741 FER$pPublidisa$sB.A. 27844 V.$x1 966 ## $lBN$mFGMON$nUsual da Iconografia$pBiblioteca particular Leandro de Moraes Sarmento$sL.M.S. 455 $x3
Etiqueta de registo: 00254nam 2200025 450 001 2284875 003 http://id.bnportugal.gov.pt/bib/catbnp/2284875 100 ## $a20260420d2010 m y0pory01030103ba 101 0# $apor 102 ## $aPT 105 ## $aa b 000yy 106 ## $ar 200 1# $aDiabrete$e o grande camaradão$fconcep. José Azevedo e Menezes$grev. Geraldes Lino,$ged. José Manuel Vilela 210 #9 $a[Lisboa]$cBonecos Rebaldios,$d2010 215 ## $a114, [2] p.$cil.$d30 cm$eerrata, [1] f. 317 ## $aColeção Leandro de Moraes Sarmento$5PTBN: L.M.S. 463 320 ## $aBibliografia: p. 2 513 1# $a O grande camaradão de todos os sábados 517 1# $aDiabrete$e o grande camaradão de todos os sábados 606 ## $aBanda desenhada$xRevistas$yPortugal$z1941-1951$2SIPOR$31996417 606 ## $aDiabrete$xHistória$2SIPOR$31996418 675 ## $a050O Diabrete(469)"1941/1951"$vBN$zpor$31537189 675 ## $a741(0.053.5)$vBN$zpor$31537190 700 #1 $aMeneses,$bJosé Azevedo e$31291008 702 #1 $aVilela,$bJosé Manuel$4675$31288336 702 #1 $aLino,$bGeraldes,$f1936-2019$4340$3266288 801 #0 $aPT$bBN$gRPC 966 ## $lBN$mFGMON$pBiblioteca particular Leandro de Moraes Sarmento$sL.M.S. 463 $x3 966 ## $lBN$mFGMON$sP. 37526 V.$x3
Etiqueta de registo: 00254nam 2200025 450 001 2284721 003 http://id.bnportugal.gov.pt/bib/catbnp/2284721 010 ## $a972-99563-1-6 021 ## $aPT$b231672/05 100 ## $a20260417d2005 a y0pory0103 ba 101 1# $apor$ceng 102 ## $aPT 105 ## $aa t 000zy 106 ## $ar 200 1# $aPríncipe Valente$e1945-1946$fHarold R. Foster$gtrad. Manuel Caldas 205 ## $a1ª ed 210 #9 $aLisboa$cLivros de Papel,$d2005 215 ## $a[107] p.$ctodo il.$d35 cm 304 ## $aEdição de Manuel Caldas e José Manuel Vilela 304 ## $aTít. orig.: Prince Valliant, in the days of King Arthur 317 ## $aColeção Leandro de Moraes Sarmento$5PTBN: L.M.S. 782 675 ## $a087.5$vBN$zpor$3287999 675 ## $a741(=1:71)"19"$vBN$zpor$31533579 675 ## $a821.111(71)-9"19"$vBN$zpor$3993627 700 #1 $aFoster,$bHarold,$f1892-1982$340716 702 #1 $aCaldas,$bManuel$4730$3918582 702 #1 $aVilela,$bJosé Manuel$4340$31288336 801 #0 $aPT$bBN$gRPC 966 ## $lBN$mFGMON$pBiblioteca particular Leandro de Moraes Sarmento$sL.M.S. 782 $x3
Etiqueta de registo: 00230nam 2200025 450 001 1755855 003 http://id.bnportugal.gov.pt/bib/catbnp/1755855 010 ## $a978-989-95235-4-8 021 ## $aPT$b260318/07 100 ## $a20100909d2007 a y0pory0103 ba 101 1# $apor$ceng 102 ## $aPT 105 ## $aa t 000yy 106 ## $ar 200 1# $aPríncipe Valente$e1947-48$fHarold R. Foster$gtrad., restauro, notas, capa Manuel Caldas$ged. José Manuel Vilela, Manuel Caldas 205 ## $a1ª ed 210 #9 $aAmadora$cBonecos de Papel,$dcop. 2007 215 ## $a660, [4] p. a 3 colns$cil.$d35 cm 225 2# $aPríncipe Valente 304 ## $aTít. orig.: Prince Valiant, in the days of King Arthur 317 ## $aColeção Leandro de Moraes Sarmento$5PTBN: L.M.S. 783 675 ## $a087.5$vBN$zpor$3287999 675 ## $a741(=1:71)"19"$vBN$zpor$31533579 675 ## $a821.111(71)"19"$vBN$zpor$3988995 700 #1 $aFoster,$bHarold,$f1892-1982$340716 702 #1 $aCaldas,$bManuel$4730$3918582 702 #1 $aVilela,$bJosé Manuel$4340$31288336 801 #0 $aPT$bBN$gRPC 900 ## $aBIBNAC$d20101210 966 ## $lBN$mFGMON$sC.G. 3073 A.$x1 966 ## $lBN$mFGMON$sC.G. 3073 A.-D $x1 966 ## $lBN$mFGMON$pBiblioteca particular Leandro de Moraes Sarmento$sL.M.S. 783 $x3
Etiqueta de registo: 00230nam 2200025 450 001 1687020 003 http://id.bnportugal.gov.pt/bib/catbnp/1687020 010 ## $a972-99563-3-2 021 ## $aPT$b240333/06 100 ## $a20000710d2006 am y0pory0103 ba 101 1# $apor$ceng 102 ## $aPT 105 ## $aa t 000zd 106 ## $ar 200 1# $aPríncipe Valente$e1939-40$fHarold R. Foster$gtrad., restauros e notas finais Manuel Caldas$ged. José Manuel Vilela, Manuel Caldas 210 #9 $aLisboa$cLivros de Papel,$d2006 215 ## $a203, [3] p. a 3 colns$cil.$d35 cm 304 ## $aTít. orig.: Prince Valiant, in the days of King Arthur 317 ## $aColeção Leandro de Moraes Sarmento$5PTBN: L.M.S. 779 675 ## $a087.5$vBN$zpor$3287999 675 ## $a741(=1:71)"19"$vBN$zpor$31533579 675 ## $a821.111(71)-9"19"$vBN$zpor$3993627 700 #1 $aFoster,$bHarold,$f1892-1982$340716 702 #1 $aVilela,$bJosé Manuel$4340$31288336 702 #1 $aCaldas,$bManuel$4730$3918582 801 #0 $aPT$bBN$gRPC 900 ## $aBIBNAC$d20130602 966 ## $lBN$mFGMON$pBiblioteca particular Leandro de Moraes Sarmento$sL.M.S. 779 $x3 966 ## $lBN$mFGMON$sP. 3763 A.$x1 966 ## $lBN$mFGMON$sP. 3763 A.-D $x1
Etiqueta de registo: 00230nam 2200025 450 001 1687012 003 http://id.bnportugal.gov.pt/bib/catbnp/1687012 010 ## $a972-99563-4-0 021 ## $aPT$b248039/06 100 ## $a20000710d2006 am y0pory0103 ba 101 1# $apor$ceng 102 ## $aPT 105 ## $aa t 000zd 106 ## $ar 200 1# $aPríncipe Valente$e1941-42$fHarold R. Foster$gtrad., restauros e notas finais Manuel Caldas$ged. José Manuel Vilela 210 #9 $aLisboa$cLivros de Papel,$d2006 215 ## $a307, [3] p. a 3 colns$cil.$d35 cm 304 ## $aTít. orig.: Prince Valiant, in the days of King Arthur 317 ## $aColeção Leandro de Moraes Sarmento$5PTBN: L.M.S. 780 675 ## $a087.5$vBN$zpor$3287999 675 ## $a741(=1:71)"19"$vBN$zpor$31533579 675 ## $a821.111(71)-9"19"$vBN$zpor$3993627 700 #1 $aFoster,$bHarold,$f1892-1982$340716 702 #1 $aVilela,$bJosé Manuel$4340$31288336 702 #1 $aCaldas,$bManuel$4730$3918582 801 #0 $aPT$bBN$gRPC 900 ## $aBIBNAC$d20130602 966 ## $lBN$mFGMON$pBiblioteca particular Leandro de Moraes Sarmento$sL.M.S. 780 $x3 966 ## $lBN$mFGMON$sP. 3765 A.$x1 966 ## $lBN$mFGMON$sP. 3765 A.-D $x1
Etiqueta de registo: 00230nam 2200025 450 001 1373195 003 http://id.bnportugal.gov.pt/bib/catbnp/1373195 010 ## $a972-99563-0-8 021 ## $aPT$b224283/05 100 ## $a20060619d2005 ae y0pory0103 ba 101 1# $apor$ceng 102 ## $aPT 105 ## $aa t 000zy 106 ## $ar 200 1# $aPríncipe Valente$e1943-44$fHarold R. Foster$gtrad., restauros e notas finais Manuel Caldas$ged. José Manuel Vilela, Manuel Caldas 205 ## $a1ª ed 210 #9 $aLisboa$cLivros de Papel,$d2005 215 ## $a412, [2] p. a 3 colns.$cil.$d35 cm$eadmiradores de Prince Valiant ([1] f.) 304 ## $aTít. orig.: Prince Valiant, in the days of King Arthur 317 ## $aColeção Leandro de Moraes Sarmento$5PTBN: L.M.S. 781 675 ## $a087.5$vBN$zpor$3287999 675 ## $a741(=1:71)"19"$vBN$zpor$31533579 675 ## $a821.111(71)-9"19"$vBN$zpor$3993627 700 #1 $aFoster,$bHarold,$f1892-1982$340716 702 #1 $aCaldas,$bManuel$4730$4340$3918582 702 #1 $aVilela,$bJosé Manuel$4340$31288336 801 #0 $aPT$bBN$gRPC 900 ## $aBIBNAC$d20130602 966 ## $lBN$mFGMON$pBiblioteca particular Leandro de Moraes Sarmento$sL.M.S. 781 $x3 966 ## $lBN$mFGMON$pEmp. Diário do Minho$sP. 3650 A.$x1 966 ## $lBN$mFGMON$pEmp. Diário do Minho$sP. 3650 A.-D $x1
|
|
|